000 nam a22 7a 4500
999 _c24538
_d24538
008 170128b xxu||||| |||| 00| 0 eng d
050 _aND237 .N2315A4 1986
100 _aMakk,Americo
245 _aMakk family /
_cAmerico Makk; Eva Makk; A B Makk
260 _a[Honolulu, HI :
_bMakk Studios,
_c©1986]
300 _a255p. :
_bill. ;
_c33cm.
500 _aincludes index.
700 _aMakk,Eva
700 _aMakk, A.B.
942 _2lcc
_cBOOKS
_hND237 .N2315A4 1986